00387nam a2200145Ia 4500008004100000020001500041041001200056082001100068100001600079245007400095260003100169300001300200650001500213700001300228221030s9999 xx 000 0 und d a8127270476 aEnglish a105.23 aS. K. Gupta 0aHuman Resource Management With Case Studiescby S. K. Gupta, R. Joshi bKalyani PubaLudhianac201 a48.28+56 aManagement aR. Joshi